00647nam a2200193Ia 4500003000900000008004100009020001800050040001600068080001800084110004000102245009900142260002600241300001000267650003200277650001900309942000700328999001500335952010300350IN-BaIIA211028s9999 xx 000 0 eng d a0-586-08095-3 cIIA Library a03:621bPAL-1 aBibliographisches Institut 913090 0aHow things worksbvol. 1, the universal encyclopedia of machinescBibliographisches Institut  aLondonbGranadac1982 a590p. aMachines Encyclopedia99933 aNASA Thesaurus cBK c7747d7747 00104070aBANbBANcGENd1983-08-30l0o03:621/ PAL-1p8563r2021-11-05w1983-08-30yBKG£ 3.95